000 00460nam a2200181Ia 4500
001 14018
005 20260306164843.0
008 260306t2015||||xx |||||||||||||| ||spa||
041 _aESP
082 _a005.82
_bA96
100 _aAzad, Saiful
_eAUT
245 0 _aPractical cryptography:
_balgorithms and implementation using C++
260 _c2015
300 _axix, 345 páginas :
_c24 cm.
650 _aGEN
654 _aCCC
942 _cLIB
_dJUS
_fJUS
_2ddc
_n
999 _c14018
_d14018